Statistics for What Color Is Not In The Countries Flag - 2

Click here to take the quiz!

General Stats

  • This quiz has been taken 12 times
  • The average score is 13 of 15

Answer Stats

QuestionAnswer% Correct
United Kingdom
100%
United States Of America
100%
Botswana
91%
Norway
91%
South Korea
91%
Mali
91%
Philippines
91%
Australia
91%
New Zealand
91%
Papua New Guinea
82%
Chad
82%
Mexico
64%
Democratic Republic Of The Congo
64%
Tanzania
64%
Republic Of The Congo
64%

Score Distribution

Percentile by Number Answered

Percent of People with Each Score

Your Score History

You have not taken this quiz